000 00636nam a2200241Ia 4500
003 OSt
005 20220918191932.0
006 a|||||r|||| 00| 0
007 ta
008 220917b |||||||| |||| 00| 0 eng d
024 _a65,986
037 _cTextual
040 _aARTS
_cARTS
_beng
041 _2eng
_aeng
082 _aR3xC57:g, L61
100 _aSharma Ram Nath
_926737
245 0 _aPlato
260 _aLucknow
_bVineet Pub
_c1976
300 _aviii,174p.,ii
_ccm.
700 _a Sharma Urmila
_977738
942 _hR3xC57:g, L61
_cTEXL
_2CC
999 _c192222
_d192222